000 00680nam a2200289Ia 4500
005 20260401122301.0
008 008 250103s9999 xx 000 0 eng d
037 _aTB
040 _aEDL
040 _beng
040 _cEDL
041 _2eng
041 _aeng
084 _a891.2 PAR
084 _qEDL
100 _aPargiter, F.E.
_91233123
245 0 _aAncient Indian Traditions: Historical Account of Vedic and Puranic Traditions
245 0 _cPargiter, F.E.
260 _aNew Delhi
260 _bCosmo Publications
260 _c1979
300 _a368p
942 _cTB
942 _h891.2 PAR
999 _c1846223
_d1846223